| 000 | 00376pab a2200145 454500 | ||
|---|---|---|---|
| 008 | 180718b1999 xxu||||| |||| 00| 0 eng d | ||
| 100 | _aNewell, Terry | ||
| 245 | _aLeadership education for a democratic society: FEI's core program turns 30 | ||
| 260 | _c1999 | ||
| 300 | _ap.13-16 | ||
| 362 | _aSpring | ||
| 650 | _aLeadership | ||
| 773 | _aPublic Manager | ||
| 909 | _a41010 | ||
| 999 |
_c41010 _d41010 |
||